LEADER 01400nam1-2200457---45-- 001 990000754640203316 005 20041213191716.0 020 $aIT$b87-7402 035 $a0075464 035 $aUSA010075464 035 $a(ALEPH)000075464USA01 035 $a0075464 100 $a20011120d1987----y0itay0103 b 101 $aita 102 $aIT 105 $a00||| 200 1 $aManuale della finanza locale$eraccolta di legislazione, norme amministrative e giurisprudenza$fcoordinata per articolo da Giuseppe Giuliani 210 $aMilano$cA. Giuffrè$d1987 215 $av.$d26 cm 300 $aA fogli mobili, aggiornato semestralmente. - In custodia 410 0$12001 454 1$12001 461 1$1001-------$12001 606 $aFinanza locale$xLegislazione 676 $a343.4503 702 1$aGIULIANI,$bGiuseppe 710 02$aITALIA$0423419 801 0$aIT$bBNI$gISBD 912 $a990000754640203316 951 $a343.45 ITA$bE.C.$c343.45 959 $aBK 969 $aECO 979 $aPATTY$b90$c20011120$lUSA01$h1434 979 $aPATTY$b90$c20011120$lUSA01$h1434 979 $c20020403$lUSA01$h1723 979 $aPATRY$b90$c20040406$lUSA01$h1652 979 $aSIAVER$b90$c20041213$lUSA01$h1908 979 $aSIAVER$b90$c20041213$lUSA01$h1908 979 $aSIAVER$b90$c20041213$lUSA01$h1917 996 $aManuale della finanza locale$9964866 997 $aUNISA LEADER 01080nam a2200265 i 4500 001 991003631299707536 008 080519s1999 it ab 001 0 ita d 020 $a8815066853 035 $ab13726869-39ule_inst 040 $aFacoltà SSPT$bita 082 0 $a943.05 100 1 $aSchilling, Heinz $0139754 245 10$aCorti e alleanze :$bla Germania dal 1648 al 1763 /$cHeinz Schilling 260 $aBologna :$bIl mulino,$cc1999 300 $a586 p., [4] c. di tav. :$bill. ;$c22 cm 440 3$aLe vie della civiltà.$pStoria della Germania 500 $aTrad. di Maurizio Ricciardi 651 4$aGermania$xStoria$y1648-1763 907 $a.b13726869$b02-04-14$c19-05-08 912 $a991003631299707536 945 $aLE021 943.05 SCH01.01$g1$i2020000003717$lle021$op$pE29.95$q-$rn$s- $t0$u1$v0$w1$x0$y.i14755427$z19-05-08 945 $aLE016 943.05 SCH 01.02$g1$i2016000113075$lle016$on$pE29.95$q-$rn$so $t0$u0$v0$w0$x0$y.i14788688$z01-07-08 996 $aCorti e alleanze$91229878 997 $aUNISALENTO 998 $ale020$ale016$b19-05-08$cm$da $e-$fita$git $h0$i0